Ligue 1 2025/2026 - Choix Multiples #1 - Statistiques

Statistiques générales
  • Ce quiz a été pris 21 fois
  • Le résultat moyen est 6 sur 15
Statistiques - réponses
Question Réponse % Correct
Quel club a été Champion d'Automne cette saison ? RC Lens
76%
Lequel de ces clubs a gagné lors de son déplacement au Moustoir ? LOSC Lille
62%
Quel joueur a marqué sur pénalty lors du match Le Havre AC vs RC Lens ? Wesley Said
62%
A l'occasion de quelles journées ont eu lieu les Classiques (Confrontations entre le Paris Saint-Germain et l'Olympique de Marseille) ? La J5 et la J21
57%
Dans quel club jouait Himad Abdelli en première partie de saison ? SCO Angers
57%
Sur quelle période (calendaire) s'est déroulée la J14 ? Du 28 au 30 novembre 2025
48%
Contre quel club le FC Metz à remporté son premier match ? RC Lens
48%
Dans quel stade a eu lieu le match aller du derby du Nord (LOSC Lille vs RC Lens) ? А̀ Bollaert
43%
Quel fut le match d'ouverture de la Ligue 1 cette saison ? Stade Rennais vs Olympique de Marseille
43%
Combien de points avait le Paris Saint-Germain à l'issue de la J11 ? 24 pts
33%
Lequel de ces clubs n'a pas gagné lors de son déplacement à Louis II ? Stade Rennais
29%
Quelle position occupait le Toulouse FC à l'issue de la J8 ? 8e
24%
Dans quel stade jouait le FC Metz pendant que l'OGC Nice recevait le Stade Brestois ? А̀ Raymond Copa
24%
Laquelle de ces affiches NE S'EST PAS soldée par un 0-0 ? Stade Brestois vs LOSC Lille
19%
А̀ l'occasion de quelle journée l'AJ Auxerre s'est déplacé au Parc des Princes ? La J6
14%
Aucun quiz correspondant
Distribution des résultats
% des personnes avec chaque résultat
Percentile par nombre de réponses
Votre historique - résultats
Vous n’avez pas pris ce quiz